[Event "XVIe Open International d'été de Nice"]
[Site "Nice - Hotel Aston"]
[Date "????.??.??"]
[Round "6.1"]
[White "Shoker, Samy"]
[Black "Sumets, Andrey"]
[Result "0-1"]
[WhiteElo "2448"]
[BlackElo "2595"]
[PlyCount "100"]

1. g3 d5 2. Bg2 g6 3. Nf3 Bg7 4. O-O Nf6 5. d3 O-O 6. Nc3 Nc6 7. h3 d4 8. Na4
Rb8 9. c4 h6 10. Nd2 Qd6 11. Rb1 b6 12. a3 Bb7 13. b4 Ne5 14. Nf3 Nxf3+ 15.
exf3 e5 16. b5 Rfe8 17. Bd2 c5 18. bxc6 Bxc6 19. Nb2 Qxa3 20. Re1 Qd6 21. Ra1
a5 22. Qc1 Nd7 23. Bxh6 Bxh6 24. Qxh6 Qf6 25. Re2 Nc5 26. f4 Bxg2 27. Kxg2 exf4
28. Rxe8+ Rxe8 29. Qxf4 Qxf4 30. gxf4 f5 31. Na4 Nxa4 32. Rxa4 Ra8 33. Kf3 Kf7
34. Ke2 Ke6 35. Kd2 Kd6 36. Ra1 Rh8 37. Rg1 Rh6 38. Kc2 Kc5 39. Re1 Rxh3 40.
Re5+ Kd6 41. Rd5+ Kc7 42. Rxd4 Rf3 43. Kb3 Rxf2 44. Ka4 Kc6 45. Kb3 Rf1 46. Ka4
Rf3 47. Kb3 Rg3 48. Rd8 Kc7 49. Rd5 Rg4 50. c5 Kc6 0-1

[Event "XVIe Open International d'été de Nice"]
[Site "Nice - Hotel Aston"]
[Date "????.??.??"]
[Round "6.4"]
[White "Aranovitch, Emiliano"]
[Black "Karpatchev, Aleksandr"]
[Result "1/2-1/2"]
[WhiteElo "2356"]
[BlackElo "2491"]
[PlyCount "88"]

1. e4 e5 2. Nf3 Nc6 3. Bb5 f5 4. Nc3 fxe4 5. Nxe4 Nf6 6. Qe2 d5 7. Nxf6+ gxf6
8. d4 Bg7 9. dxe5 O-O 10. e6 Ne5 11. Qd1 Bxe6 12. O-O c5 13. c3 a6 14. Be2 Qd6
15. Re1 Rad8 16. Bf4 d4 17. cxd4 cxd4 18. Bd3 Bg4 19. Qb3+ Kh8 20. Nxe5 fxe5
21. Bg3 Rd7 22. f3 Be6 23. Qc2 Bg8 24. Rac1 Re8 25. a3 Bh6 26. Rcd1 Be3+ 27.
Bf2 Rc7 28. Qe2 Bb3 29. Rb1 Bxf2+ 30. Qxf2 Bc4 31. Qe2 Bxd3 32. Qxd3 Rec8 33.
Rbd1 Rc2 34. Re2 Rc1 35. Ree1 Rxd1 36. Rxd1 Qc5 37. f4 Rd8 38. fxe5 Qxe5 39. h3
b5 40. Rd2 Qe1+ 41. Kh2 Qe5+ 42. Qg3 Qe6 43. Rd3 Qf6 44. Qf3 Qe5+ 1/2-1/2

[Event "XVIe Open International d'été de Nice"]
[Site "Nice - Hotel Aston"]
[Date "????.??.??"]
[Round "7.1"]
[White "Sumets, Andrey"]
[Black "Sulava, Nenad"]
[Result "1/2-1/2"]
[WhiteElo "2595"]
[BlackElo "2549"]
[PlyCount "22"]

1. d4 d5 2. c4 e6 3. Nf3 Nf6 4. Nc3 Bb4 5. cxd5 exd5 6. Qa4+ Nc6 7. Bg5 h6 8.
Bxf6 Qxf6 9. e3 O-O 10. Be2 a6 11. a3 Bxc3+ 1/2-1/2

[Event "XVIe Open International d'été de Nice"]
[Site "Nice - Hotel Aston"]
[Date "????.??.??"]
[Round "7.3"]
[White "Colin, Vincent"]
[Black "Shoker, Samy"]
[Result "0-1"]
[WhiteElo "2425"]
[BlackElo "2448"]
[PlyCount "52"]

1. d4 g6 2. e4 Bg7 3. Nc3 d6 4. f4 a6 5. Nf3 b5 6. Bd3 Nd7 7. e5 c5 8. exd6
cxd4 9. Nd5 exd6 10. O-O Bb7 11. Re1+ Kf8 12. c4 dxc3 13. Nxc3 Ngf6 14. Bc2 Ng4
15. Qxd6+ Kg8 16. Bb3 Bf8 17. Bxf7+ Kg7 18. Qd4+ Kxf7 19. Ng5+ Kg8 20. Qxh8+
Kxh8 21. Nf7+ Kg8 22. Nxd8 Rxd8 23. h3 Bc5+ 24. Kh1 Nf2+ 25. Kh2 Nf6 26. Be3
Bxe3 0-1

[Event "XVIe Open International d'été de Nice"]
[Site "Nice - Hotel Aston"]
[Date "????.??.??"]
[Round "7.5"]
[White "Karpatchev, Aleksandr"]
[Black "Gachet, Sebastien"]
[Result "1-0"]
[WhiteElo "2491"]
[BlackElo "2330"]
[PlyCount "71"]

1. e4 c5 2. c3 d5 3. exd5 Qxd5 4. d4 Nc6 5. Nf3 Bg4 6. Be2 e6 7. h3 Bh5 8. c4
Qd6 9. d5 Bxf3 10. Bxf3 exd5 11. cxd5 Nd4 12. O-O Nf6 13. Nc3 Be7 14. Be3 Nxf3+
15. Qxf3 O-O 16. Rad1 Rad8 17. Rd2 Qa6 18. Re1 Ne8 19. Rde2 Qg6 20. d6 Bxd6 21.
Qxb7 a6 22. Na4 Qf5 23. Qxa6 Nc7 24. Qc4 Ne6 25. Nc3 Nd4 26. Bxd4 cxd4 27. Ne4
Bf4 28. Qd3 Qd5 29. b3 Rc8 30. Qf3 Qe5 31. Nd2 Qg5 32. Nc4 h6 33. Re4 Bd2 34.
h4 f5 35. Rxd4 Rxc4 36. bxc4 1-0

[Event "XVIe Open International d'été de Nice"]
[Site "Nice - Hotel Aston"]
[Date "????.??.??"]
[Round "7.6"]
[White "Lazarev, Vladimir"]
[Black "Aranovitch, Emiliano"]
[Result "1-0"]
[WhiteElo "2462"]
[BlackElo "2356"]
[PlyCount "67"]

1. d4 Nf6 2. c4 c5 3. d5 g6 4. Nc3 Bg7 5. e4 d6 6. h3 O-O 7. Bd3 e6 8. Nf3 exd5
9. cxd5 Re8 10. O-O a6 11. a4 Nh5 12. Be3 Nd7 13. Qd2 Rb8 14. Rfe1 Bf6 15. a5
Ne5 16. Be2 Nxf3+ 17. Bxf3 Ng7 18. Na4 Bd7 19. Nb6 Bb5 20. Rac1 Be5 21. Bg5 f6
22. Bf4 Re7 23. Bxe5 Rxe5 24. b4 cxb4 25. Qxb4 f5 26. exf5 Nxf5 27. Bg4 Qe8 28.
f4 Re7 29. Bxf5 gxf5 30. Kh2 Rd8 31. Qc3 Re4 32. Rxe4 fxe4 33. Re1 Qg6 34. Re3
1-0

[Event "XVIe Open International d'été de Nice"]
[Site "Nice - Hotel Aston"]
[Date "????.??.??"]
[Round "7.8"]
[White "Marholev, Dimitar"]
[Black "Mrdja, Milan"]
[Result "1/2-1/2"]
[WhiteElo "2364"]
[BlackElo "2418"]
[PlyCount "20"]

1. Nf3 Nf6 2. g3 g6 3. Bg2 Bg7 4. O-O O-O 5. c4 c6 6. d4 d5 7. cxd5 cxd5 8. Nc3
Nc6 9. Bf4 Ne4 10. Nxe4 dxe4 1/2-1/2

[Event "XVIe Open International d'été de Nice"]
[Site "Nice - Hotel Aston"]
[Date "????.??.??"]
[Round "7.10"]
[White "Bailet, Pierre"]
[Black "De Faria, Manuel"]
[Result "1-0"]
[WhiteElo "2352"]
[BlackElo "2039"]
[PlyCount "57"]

1. e4 c5 2. Nf3 d6 3. Bb5+ Bd7 4. Bxd7+ Qxd7 5. O-O e6 6. c4 g6 7. d4 Bg7 8.
Nc3 Ne7 9. Be3 b6 10. Qd2 O-O 11. Bh6 Qc6 12. d5 exd5 13. exd5 Qd7 14. Ne4 Na6
15. Bxg7 Kxg7 16. Qc3+ f6 17. Nfg5 Nc7 18. Rfe1 Nf5 19. Nxh7 Kxh7 20. Nxf6+
Rxf6 21. Qxf6 Qg7 22. Qxg7+ Nxg7 23. Re7 Nce8 24. a4 Kh6 25. a5 b5 26. cxb5 Rb8
27. Rxa7 Rxb5 28. a6 Rxb2 29. Rb7 1-0

[Event "XVIe Open International d'été de Nice"]
[Site "Nice - Hotel Aston"]
[Date "????.??.??"]
[Round "7.12"]
[White "Colmenares, Aurelio"]
[Black "Iwanesko, Alexandre"]
[Result "0-1"]
[WhiteElo "2281"]
[BlackElo "2101"]
[PlyCount "70"]

1. e4 c5 2. Nf3 e6 3. d4 cxd4 4. Nxd4 a6 5. Bd3 Bc5 6. Nb3 Be7 7. c4 d6 8. O-O
Nf6 9. Nc3 Qc7 10. Qe2 O-O 11. Bd2 Nbd7 12. f4 b6 13. Rae1 Rd8 14. Nd4 Bb7 15.
b4 Bf8 16. Nf3 g6 17. Qf2 Bg7 18. Qh4 Rac8 19. Rf2 Qb8 20. a3 Qa8 21. e5 Ne8
22. Ng5 Nf8 23. f5 gxf5 24. Bxf5 exf5 25. Rxf5 dxe5 26. Rxf7 Rxd2 27. Rxf8+
Kxf8 28. Nce4 Bxe4 29. Nxe4 Rd4 30. Qxh7 Rxe4 31. Rxe4 Nf6 32. Qf5 Qxe4 33.
Qxc8+ Kf7 34. h3 Qe3+ 35. Kh2 Bh6 0-1

[Event "XVIe Open International d'été de Nice"]
[Site "Nice - Hotel Aston"]
[Date "????.??.??"]
[Round "7.13"]
[White "Junca, Stephane"]
[Black "Nippgen, Georg"]
[Result "1-0"]
[WhiteElo "2068"]
[BlackElo "2272"]
[PlyCount "31"]

1. e4 c5 2. c3 Nf6 3. e5 Nd5 4. d4 cxd4 5. Nf3 Nc6 6. Bc4 Nb6 7. Bb3 d5 8. exd6
Qxd6 9. O-O g6 10. Ng5 e6 11. Qf3 Qe7 12. Bf4 Bg7 13. Ne4 e5 14. Bg5 Qc7 15.
Bxf7+ Kf8 16. Be6+ 1-0

[Event "XVIe Open International d'été de Nice"]
[Site "Nice - Hotel Aston"]
[Date "????.??.??"]
[Round "7.16"]
[White "Van Hoolandt, Patrick"]
[Black "Montolio Benedicto, Cesar"]
[Result "1-0"]
[WhiteElo "2233"]
[BlackElo "1989"]
[PlyCount "51"]

1. d4 Nf6 2. c4 g6 3. Nc3 Bg7 4. e4 d6 5. Nf3 O-O 6. Be3 e5 7. dxe5 dxe5 8.
Qxd8 Rxd8 9. Nd5 Nxd5 10. cxd5 c6 11. Bc4 cxd5 12. Bxd5 Nc6 13. O-O-O Re8 14.
Ng5 Nd8 15. Bb3 h6 16. Rxd8 Rxd8 17. Nxf7 Rf8 18. Nxh6+ Kh7 19. Nf7 Bd7 20. h4
Bf6 21. Ng5+ Bxg5 22. hxg5+ Kg7 23. f3 b6 24. Bd2 Rh8 25. Rd1 Rh7 26. Bc3 1-0

[Event "XVIe Open International d'été de Nice"]
[Site "Nice - Hotel Aston"]
[Date "????.??.??"]
[Round "7.23"]
[White "Birens, Eric-Andre"]
[Black "Tasic, Branislav"]
[Result "1/2-1/2"]
[WhiteElo "2025"]
[BlackElo "2087"]
[PlyCount "20"]

1. d4 d6 2. Nf3 Nd7 3. Bf4 g6 4. Qd2 Bg7 5. Nc3 c6 6. e3 Ngf6 7. h3 O-O 8. Bd3
b5 9. O-O Nb6 10. e4 a6 1/2-1/2

[Event "XVIe Open International d'été de Nice"]
[Site "Nice - Hotel Aston"]
[Date "????.??.??"]
[Round "7.35"]
[White "Podvin, Francois-Xavier"]
[Black "Lermuzeaux, Jean-Marc"]
[Result "1-0"]
[WhiteElo "1928"]
[BlackElo "1600"]
[PlyCount "57"]

1. e4 e5 2. f4 exf4 3. Nf3 g5 4. h4 g4 5. Ne5 h5 6. Bc4 Nh6 7. d4 d6 8. Nd3 Be7
9. Bxf4 Bxh4+ 10. g3 Bf6 11. Rxh5 Nc6 12. Rxh6 Nxd4 13. Rxh8+ Bxh8 14. Nd2 Qe7
15. c3 Nf3+ 16. Nxf3 Qxe4+ 17. Qe2 Qxe2+ 18. Kxe2 gxf3+ 19. Kxf3 Be6 20. Rh1
O-O-O 21. Bxe6+ fxe6 22. g4 Rf8 23. Kg3 e5 24. Be3 Bg7 25. Rh7 Bf6 26. g5 Bd8
27. g6 e4 28. Nf4 c5 29. g7 1-0

[Event "XVIe Open International d'été de Nice"]
[Site "Nice - Hotel Aston"]
[Date "????.??.??"]
[Round "7.43"]
[White "Ajdari, Emmanuel"]
[Black "Labarthe, Arnaud"]
[Result "0-1"]
[WhiteElo "1530"]
[BlackElo "1915"]
[PlyCount "22"]

1. e4 d5 2. exd5 Nf6 3. d4 Qxd5 4. Nf3 Bg4 5. Be2 Nc6 6. Nc3 Qh5 7. h3 O-O-O 8.
O-O e5 9. Bg5 Bxf3 10. Bxf6 Bxe2 11. Nxe2 gxf6 0-1

[Event "XVIe Open International d'été de Nice"]
[Site "Nice - Hotel Aston"]
[Date "????.??.??"]
[Round "7.46"]
[White "Franceschini, Francois-Marie"]
[Black "Perrois, Aurelien"]
[Result "0-1"]
[WhiteElo "1610"]
[BlackElo "1829"]
[PlyCount "62"]

1. e4 c5 2. Nf3 d6 3. Bb5+ Bd7 4. Bxd7+ Nxd7 5. O-O g6 6. Nc3 Bg7 7. d4 cxd4 8.
Nxd4 Ngf6 9. Bg5 O-O 10. Re1 Re8 11. Nf3 Qb6 12. Qd3 Ng4 13. Be3 Nxe3 14. fxe3
Nc5 15. Qb5 Bxc3 16. Qxb6 axb6 17. bxc3 Nxe4 18. Rab1 Ra6 19. Rb3 Rc8 20. Reb1
Nxc3 21. R1b2 Na4 22. Rb1 Rxc2 23. Ra3 Rb2 24. Rxb2 Nxb2 25. Rb3 Nc4 26. Rc3 b5
27. Nd4 Rxa2 28. Nxb5 Ne5 29. Rc7 Ng4 30. g3 Rb2 31. Nc3 Rc2 0-1

[Event "XVIe Open International d'été de Nice"]
[Site "Nice - Hotel Aston"]
[Date "????.??.??"]
[Round "7.47"]
[White "Perrois, Magali"]
[Black "Utrera, Ludovic"]
[Result "0-1"]
[WhiteElo "1460"]
[BlackElo "1815"]
[PlyCount "64"]

1. e4 c5 2. Nc3 a6 3. g3 b5 4. Bg2 Bb7 5. d3 e6 6. f4 Nf6 7. Nf3 d5 8. e5 Nfd7
9. Bd2 Nc6 10. O-O Qb6 11. Kh1 Be7 12. Qe2 h5 13. Rfc1 h4 14. gxh4 Bxh4 15. Be1
Bxe1 16. Qxe1 O-O-O 17. Qd2 Rh6 18. Rg1 Rdh8 19. Bf1 b4 20. Nd1 d4 21. Rxg7
Ncxe5 22. fxe5 Nxe5 23. Bg2 Bxf3 24. Kg1 Rxh2 25. Kf1 Ng4 26. Rxg4 Bxg4 27. Qf4
f5 28. Kf2 Qc6 29. Qg3 R8h3 30. Qf4 Rxg2+ 31. Ke1 Rh1+ 32. Qf1 Re2# 0-1

[Event "XVIe Open International d'été de Nice"]
[Site "Nice - Hotel Aston"]
[Date "????.??.??"]
[Round "7.30"]
[White "Vincenti, Francois-Xavier"]
[Black "Dubois, Martine"]
[Result "1/2-1/2"]
[WhiteElo "1833"]
[BlackElo "2001"]
[PlyCount "75"]

1. d4 g6 2. c4 Bg7 3. Nc3 c5 4. e3 Nc6 5. b3 d6 6. Bb2 Nh6 7. Nf3 b6 8. d5 Ne5
9. Nxe5 dxe5 10. Bd3 f5 11. Qc2 Nf7 12. f3 Bh6 13. Qe2 Rg8 14. O-O-O Bd7 15.
Kb1 a6 16. h3 Qc7 17. g4 O-O-O 18. d6 Qxd6 19. Bxf5 Bxf5+ 20. gxf5 Qf6 21. fxg6
Qxg6+ 22. e4 Rxd1+ 23. Rxd1 e6 24. Na4 Kc7 25. b4 Qg2 26. Qxg2 Rxg2 27. bxc5 b5
28. cxb5 axb5 29. Nb6 Kc6 30. Nd7 Bf4 31. Nf8 Ng5 32. Nxe6 Nxe6 33. Rd6+ Kxc5
34. Rxe6 Rg1+ 35. Kc2 Rg2+ 36. Kb1 Rg1+ 37. Kc2 Rg2+ 38. Kb1 1/2-1/2

[Event "XVIe Open International d'été de Nice"]
[Site "Nice - Hotel Aston"]
[Date "????.??.??"]
[Round "8.1"]
[White "Doncea, Vladimir"]
[Black "Sumets, Andrey"]
[Result "1/2-1/2"]
[WhiteElo "2460"]
[BlackElo "2595"]
[PlyCount "47"]

1. c4 c6 2. Nf3 d5 3. g3 Nf6 4. Bg2 g6 5. O-O Bg7 6. cxd5 cxd5 7. d4 O-O 8. Ne5
e6 9. Nc3 Nfd7 10. f4 Nc6 11. Be3 Nb6 12. Bf2 Bd7 13. e4 Ne7 14. Qb3 dxe4 15.
Nxe4 Nc6 16. Nxc6 bxc6 17. Qd3 Nd5 18. Nd2 Qb6 19. Nc4 Qb5 20. b3 Rfd8 21. Rfd1
Nb4 22. Qe2 Nd5 23. Qb2 Rac8 24. Ne5 1/2-1/2

[Event "XVIe Open International d'été de Nice"]
[Site "Nice - Hotel Aston"]
[Date "????.??.??"]
[Round "8.2"]
[White "Shoker, Samy"]
[Black "Karpatchev, Aleksandr"]
[Result "1/2-1/2"]
[WhiteElo "2448"]
[BlackElo "2491"]
[PlyCount "145"]

1. g3 d5 2. Bg2 g6 3. Nf3 Bg7 4. O-O Nf6 5. d3 O-O 6. Nc3 Nc6 7. a3 a5 8. Bd2
h6 9. h3 e5 10. e4 Be6 11. exd5 Nxd5 12. Na4 b6 13. Re1 Qd7 14. Kh2 Rad8 15.
Rb1 f5 16. b4 axb4 17. axb4 e4 18. b5 Nd4 19. Nxd4 Bxd4 20. Qe2 Bg7 21. dxe4
fxe4 22. c4 Nf6 23. Bb4 Rfe8 24. c5 Qf7 25. cxb6 Bc4 26. Qc2 cxb6 27. Nxb6 Bxb5
28. Qb3 Re6 29. Bc5 Bd3 30. Rbd1 Rc6 31. Qa3 Qc7 32. Be7 Rxb6 33. Bxd8 Qxd8 34.
Bxe4 Nxe4 35. Rxe4 Qf6 36. Rf4 Bf5 37. Re1 Kh7 38. Re7 Re6 39. Ra7 h5 40. g4
Re4 41. Rxe4 Bxe4 42. Qe3 Bf3 43. Kg1 hxg4 44. hxg4 Bxg4 45. Qe7 Qb2 46. Qh4+
Bh5 47. Qf4 Qb1+ 48. Kh2 Qb6 49. Re7 Qc5 50. Qf6 Qxe7 51. Qxe7 Bd1 52. Qe4 Bb3
53. Kg3 Bf7 54. Qe7 Bb3 55. Qe4 Bf7 56. Kf4 Bf6 57. Qb7 Kg8 58. Qc8+ Kg7 59.
Kg4 Ba1 60. Qd7 Bf6 61. Kf4 Kg8 62. Qc7 Kg7 63. Qd6 Bg8 64. Ke4 Bf7 65. Qc7 Kg8
66. Qf4 Kg7 67. Qg3 Be6 68. Qc7+ Bf7 69. f4 Kg8 70. Qd7 Kg7 71. Qg4 Ba2 72.
Qd7+ Bf7 73. Qb7 1/2-1/2

[Event "XVIe Open International d'été de Nice"]
[Site "Nice - Hotel Aston"]
[Date "????.??.??"]
[Round "8.3"]
[White "Sulava, Nenad"]
[Black "Lazarev, Vladimir"]
[Result "1/2-1/2"]
[WhiteElo "2549"]
[BlackElo "2462"]
[PlyCount "27"]

1. Nf3 Nf6 2. g3 b6 3. Bg2 Bb7 4. O-O e6 5. b3 d5 6. Bb2 Be7 7. c4 dxc4 8. bxc4
c5 9. d3 O-O 10. Nbd2 Nc6 11. Ne5 Qc7 12. Nxc6 Bxc6 13. Bxc6 Qxc6 14. Bc3
1/2-1/2

[Event "XVIe Open International d'été de Nice"]
[Site "Nice - Hotel Aston"]
[Date "????.??.??"]
[Round "8.4"]
[White "Sanchez, Joseph"]
[Black "Colin, Vincent"]
[Result "0-1"]
[WhiteElo "2491"]
[BlackElo "2425"]
[PlyCount "58"]

1. e4 c5 2. Nf3 Nc6 3. d4 cxd4 4. Nxd4 g6 5. Nc3 Bg7 6. Be3 Nf6 7. Bc4 O-O 8.
Bb3 d6 9. h3 Na5 10. Qd2 a6 11. O-O-O b5 12. Bh6 e5 13. Nf5 Nxb3+ 14. axb3 gxf5
15. Qg5 Nh5 16. Qxh5 b4 17. Nd5 fxe4 18. g4 a5 19. g5 Bf5 20. Bxg7 Kxg7 21. Ne3
Be6 22. Ng4 Kh8 23. Nxe5 Rg8 24. Rhg1 Qc7 25. g6 fxg6 26. Nxg6+ Rxg6 27. Rxg6
Bxb3 28. Rd2 Bf7 29. Rdxd6 Qxd6 0-1

[Event "XVIe Open International d'été de Nice"]
[Site "Nice - Hotel Aston"]
[Date "????.??.??"]
[Round "8.5"]
[White "Brih, Said"]
[Black "Franco Alonso, Alejandro"]
[Result "0-1"]
[WhiteElo "2318"]
[BlackElo "2480"]
[PlyCount "68"]

1. d4 Nf6 2. c4 e6 3. Nc3 Bb4 4. e3 b6 5. Bd3 Bb7 6. f3 c5 7. a3 Bxc3+ 8. bxc3
Nc6 9. Ne2 O-O 10. O-O Na5 11. e4 Ne8 12. Ng3 Ba6 13. f4 Bxc4 14. Bxc4 Nxc4 15.
f5 cxd4 16. cxd4 f6 17. e5 Rc8 18. Qg4 fxe5 19. Bg5 Nf6 20. Qe2 exd4 21. fxe6
d3 22. Qxd3 dxe6 23. Qe2 Qd5 24. Bxf6 Rxf6 25. Rxf6 Qd4+ 26. Kh1 Qxa1+ 27. Rf1
Qe5 28. Qf3 Nd6 29. Nh5 h6 30. h3 Nf5 31. Qb7 Rc2 32. Qd7 Qe2 33. Qd8+ Kh7 34.
Rg1 Qxh5 0-1

[Event "XVIe Open International d'été de Nice"]
[Site "Nice - Hotel Aston"]
[Date "????.??.??"]
[Round "8.9"]
[White "Iwanesko, Alexandre"]
[Black "Marholev, Dimitar"]
[Result "0-1"]
[WhiteElo "2101"]
[BlackElo "2364"]
[PlyCount "78"]

1. e4 e5 2. Nf3 Nc6 3. Bb5 a6 4. Ba4 Nf6 5. Qe2 b5 6. Bb3 Be7 7. c3 d6 8. O-O
O-O 9. Rd1 Na5 10. Bc2 c5 11. d4 Qc7 12. d5 g6 13. b3 Nh5 14. Bh6 Re8 15. Nbd2
Bf6 16. Rdc1 Bg7 17. Bxg7 Kxg7 18. b4 Nf4 19. Qf1 Nb7 20. a4 Bd7 21. g3 Nh3+
22. Kh1 h6 23. Bd3 c4 24. Bc2 Qb6 25. Kg2 Ng5 26. Ng1 f5 27. h4 Nh7 28. Qe2 Nf6
29. h5 g5 30. a5 Qc7 31. Kh2 f4 32. Nf1 Bg4 33. f3 Bxh5 34. Qg2 Bg6 35. Nh3 Kf7
36. gxf4 gxf4 37. Kg1 Rg8 38. Kf2 Kf8 39. Ke2 Bxe4 0-1

[Event "XVIe Open International d'été de Nice"]
[Site "Nice - Hotel Aston"]
[Date "????.??.??"]
[Round "8.11"]
[White "Aranovitch, Emiliano"]
[Black "Pelagatti, Alessandro"]
[Result "1-0"]
[WhiteElo "2356"]
[BlackElo "2206"]
[PlyCount "39"]

1. e4 e6 2. d4 d5 3. Nc3 Nf6 4. Bg5 Bb4 5. e5 h6 6. Be3 Ne4 7. Qg4 g6 8. a3
Bxc3+ 9. bxc3 c5 10. Bd3 h5 11. Qh3 Nxc3 12. dxc5 Nc6 13. Nf3 d4 14. Bg5 Qa5
15. O-O Qxc5 16. Bf6 Rg8 17. Rfe1 Nd5 18. Bg5 Bd7 19. Nd2 Nde7 20. Ne4 1-0

[Event "XVIe Open International d'été de Nice"]
[Site "Nice - Hotel Aston"]
[Date "????.??.??"]
[Round "8.18"]
[White "Bressac, Stephane"]
[Black "Podvin, Francois-Xavier"]
[Result "1/2-1/2"]
[WhiteElo "2184"]
[BlackElo "1928"]
[PlyCount "63"]

1. c4 b6 2. e4 Bb7 3. Nc3 e6 4. d4 Bb4 5. Bd3 f5 6. d5 fxe4 7. Bxe4 Qh4 8. Qe2
Nf6 9. Bd3 O-O 10. Nf3 Qh5 11. Bd2 exd5 12. O-O-O Re8 13. Qf1 dxc4 14. Bxc4+ d5
15. Be2 Bxc3 16. Bxc3 Ne4 17. Be1 c5 18. Kb1 Nd7 19. Ka1 Qf7 20. Bd3 Ne5 21.
Nxe5 Rxe5 22. f3 Nf6 23. g4 c4 24. Bc3 Re3 25. Bf5 d4 26. Bxd4 Rxf3 27. Qe2
Rxf5 28. gxf5 Bxh1 29. Bxf6 Qxf6 30. Qxc4+ Qf7 31. Qxf7+ Kxf7 32. Rxh1 1/2-1/2

[Event "XVIe Open International d'été de Nice"]
[Site "Nice - Hotel Aston"]
[Date "????.??.??"]
[Round "8.27"]
[White "Gertosio, Franck"]
[Black "Alberola, Raphael"]
[Result "1-0"]
[WhiteElo "2038"]
[BlackElo "1923"]
[PlyCount "47"]

1. e4 d5 2. exd5 Qxd5 3. Nc3 Qa5 4. d4 Nf6 5. Bd2 Qb6 6. Nf3 Bg4 7. Be2 Nc6 8.
d5 Nb4 9. Na4 Qd6 10. c4 Bxf3 11. Bxf3 Nd3+ 12. Kf1 e5 13. Qb3 Qa6 14. Qxd3
Qxa4 15. Re1 O-O-O 16. Qb3 Qa6 17. Rxe5 Bd6 18. Be2 Bxe5 19. c5 Ne4 20. Qh3+
Qe6 21. dxe6 Nxd2+ 22. Ke1 Kb8 23. e7 Rd5 24. Qf5 1-0

[Event "XVIe Open International d'été de Nice"]
[Site "Nice - Hotel Aston"]
[Date "????.??.??"]
[Round "8.28"]
[White "Dubois, Martine"]
[Black "Orsoni, Jean-Philippe"]
[Result "0-1"]
[WhiteElo "2001"]
[BlackElo "1880"]
[PlyCount "90"]

1. e4 e5 2. Nf3 Nc6 3. Nc3 Nf6 4. g3 d5 5. exd5 Nxd5 6. Bg2 Nxc3 7. bxc3 Bd6 8.
O-O O-O 9. Re1 Bg4 10. h3 Bh5 11. Rb1 f5 12. d3 Rb8 13. Qd2 h6 14. Bb2 Bf7 15.
c4 Re8 16. Ba1 a5 17. Rb5 Bb4 18. Bc3 e4 19. Nh4 Nd4 20. Nxf5 Nxb5 21. cxb5
exd3 22. Rxe8+ Bxe8 23. cxd3 Bxb5 24. Be4 Bc6 25. Qb2 Bxe4 26. dxe4 Bxc3 27.
Qxc3 Qd7 28. Qxa5 Re8 29. Qb4 b6 30. Qb3+ Kh7 31. Qc2 c5 32. g4 g6 33. Ne3 Qd4
34. Nd5 b5 35. Kg2 c4 36. f3 Rb8 37. Nb4 c3 38. Qb3 Qd2+ 39. Kg3 Qd6+ 40. Kg2
Qd2+ 41. Kg3 Qe1+ 42. Kg2 Rf8 43. Qc2 Qd2+ 44. Kg3 Qf4+ 45. Kg2 Qxf3+ 0-1

[Event "XVIe Open International d'été de Nice"]
[Site "Nice - Hotel Aston"]
[Date "????.??.??"]
[Round "8.30"]
[White "Lissine, Vladimir"]
[Black "Albanesi, Roberto"]
[Result "1/2-1/2"]
[WhiteElo "1794"]
[BlackElo "1994"]
[PlyCount "44"]

1. d4 g6 2. Nf3 Bg7 3. c4 d6 4. e3 Nf6 5. Nc3 O-O 6. Be2 Nbd7 7. O-O e5 8. Qc2
a6 9. a4 Re8 10. dxe5 Nxe5 11. Nxe5 dxe5 12. e4 c6 13. Bg5 Qc7 14. Rfd1 Be6 15.
a5 Rad8 16. b4 Rxd1+ 17. Rxd1 Rd8 18. f3 Rxd1+ 19. Qxd1 Qd7 20. Qxd7 Nxd7 21.
c5 Bb3 22. Bd3 Kf8 1/2-1/2

[Event "XVIe Open International d'été de Nice"]
[Site "Nice - Hotel Aston"]
[Date "????.??.??"]
[Round "8.32"]
[White "Copin, Valentin"]
[Black "Maiffret, Patrick"]
[Result "1/2-1/2"]
[WhiteElo "1788"]
[BlackElo "1965"]
[PlyCount "37"]

1. Nc3 e5 2. Nf3 Nc6 3. d4 exd4 4. Nxd4 Nf6 5. Bg5 Bb4 6. Nxc6 bxc6 7. Qd4 Be7
8. Ne4 Nxe4 9. Qxe4 d5 10. Qxe7+ Qxe7 11. Bxe7 Kxe7 12. g3 Bf5 13. O-O-O Be4
14. f3 Bf5 15. e4 Be6 16. Bd3 Kd6 17. exd5 cxd5 18. c4 c6 19. cxd5 1/2-1/2

[Event "XVIe Open International d'été de Nice"]
[Site "Nice - Hotel Aston"]
[Date "????.??.??"]
[Round "8.37"]
[White "Provang, Bruno"]
[Black "Perrois, Aurelien"]
[Result "1/2-1/2"]
[WhiteElo "1938"]
[BlackElo "1829"]
[PlyCount "56"]

1. e4 c5 2. Nf3 d6 3. d4 cxd4 4. Nxd4 Nf6 5. Nc3 a6 6. Be2 e6 7. O-O Be7 8. Be3
O-O 9. f4 Nc6 10. Qe1 Qc7 11. Qg3 b5 12. a3 Bd7 13. Rad1 Rad8 14. e5 dxe5 15.
fxe5 Nxe5 16. Bf4 Bd6 17. Ndxb5 axb5 18. Rxd6 Qxd6 19. Bxe5 Qc5+ 20. Kh1 Ne8
21. Ne4 Qd5 22. Nf6+ Nxf6 23. Bxf6 g6 24. Qh4 Qd2 25. Bd3 Bc6 26. Rg1 Rxd3 27.
cxd3 Bxg2+ 28. Rxg2 Qd1+ 1/2-1/2

[Event "XVIe Open International d'été de Nice"]
[Site "Nice - Hotel Aston"]
[Date "????.??.??"]
[Round "8.43"]
[White "Cain-Rossow, William"]
[Black "Cayla, Jonathan"]
[Result "0-1"]
[WhiteElo "1707"]
[BlackElo "1854"]
[PlyCount "72"]

1. d4 d5 2. c4 dxc4 3. e3 e6 4. Bxc4 c5 5. Nf3 Nf6 6. Nc3 Nc6 7. O-O a6 8. Bb3
Be7 9. Ne5 Nxe5 10. dxe5 Nd7 11. f4 b5 12. Bc2 Bb7 13. Be4 Qc7 14. Qg4 b4 15.
Bxb7 Qxb7 16. Ne2 O-O-O 17. b3 Qe4 18. Qf3 Qxf3 19. gxf3 Nb6 20. Rb1 Rd3 21. e4
g6 22. Rb2 Rhd8 23. Rc2 Kb7 24. Kf2 Rc8 25. Be3 Bh4+ 26. Ng3 c4 27. Bxb6 Kxb6
28. bxc4 Rc3 29. Rfc1 R8xc4 30. Rxc3 Rxc3 31. Rxc3 bxc3 32. Ke2 Bxg3 33. hxg3
Kc5 34. Kd3 Kb4 35. g4 h5 36. gxh5 gxh5 0-1

[Event "XVIe Open International d'été de Nice"]
[Site "Nice - Hotel Aston"]
[Date "2009.08.08"]
[Round "8.31"]
[White "Montolio Benedicto, Cesar"]
[Black "Vincenti, Francois-Xavier"]
[Result "0-1"]
[WhiteElo "1989"]
[BlackElo "1833"]
[PlyCount "106"]

1. e4 d5 2. exd5 Nf6 3. d4 Nxd5 4. c4 Nf6 5. Nc3 g6 6. h3 Bg7 7. Nf3 O-O 8. Be2
Re8 9. O-O Bf5 10. Be3 c6 11. Qb3 Qb6 12. Qxb6 axb6 13. Rfd1 Nbd7 14. Nh4 Nf8
15. Nxf5 gxf5 16. Bf3 Red8 17. g3 Ne8 18. Rd2 Nd6 19. Be2 Ne6 20. Rad1 Ne4 21.
Nxe4 fxe4 22. b3 f5 23. Bf1 c5 24. dxc5 Rxd2 25. Rxd2 bxc5 26. Rd7 Kf7 27. a4
Rb8 28. Bg2 b6 29. h4 Kf6 30. Bh3 Kf7 31. Bg2 Bd4 32. Bh3 Kf6 33. Rd5 Ng7 34.
Bxd4+ cxd4 35. Rxd4 e6 36. Rd7 h5 37. Bf1 Ne8 38. Be2 Ke5 39. Bxh5 Nf6 40. Rc7
Nxh5 41. c5 bxc5 42. Rxc5+ Kd6 43. Rc3 Nf6 44. g4 Nxg4 45. Kg2 Nf6 46. Rh3 Nd5
47. Kf1 Nf4 48. Rc3 Rh8 49. a5 Rxh4 50. Ke1 Rh1+ 51. Kd2 Ra1 52. b4 Nd5 53. Rb3
Ra4 0-1

[Event "XVIe Open International d'été de Nice"]
[Site "Nice - Hotel Aston"]
[Date "????.??.??"]
[Round "8.39"]
[White "Pobedonostzeff, Franck"]
[Black "Gerandi, Guillaume"]
[Result "0-1"]
[WhiteElo "1907"]
[BlackElo "1759"]
[PlyCount "80"]

1. d4 Nf6 2. c4 g6 3. Nc3 Bg7 4. e4 d6 5. Nf3 O-O 6. h3 e5 7. d5 a5 8. Bg5 Qe8
9. Be2 Na6 10. Nd2 h6 11. Be3 Nh7 12. g4 f5 13. exf5 gxf5 14. gxf5 Bxf5 15.
Nde4 Nf6 16. Bd3 Nh5 17. Qd2 Nf4 18. O-O-O Nxd3+ 19. Qxd3 Nb4 20. Qb1 Qg6 21.
Rdg1 Qh7 22. a3 Na2+ 23. Qxa2 Bxe4 24. Nxe4 Qxe4 25. Rh2 Kh8 26. Rhg2 Rf7 27.
Rg4 Qd3 28. Qb1 Qxb1+ 29. Kxb1 Raf8 30. a4 Kh7 31. Kc2 c6 32. dxc6 bxc6 33. Rg6
d5 34. Bc5 Rc8 35. Kd1 Rb8 36. Bd6 Rb3 37. R1g3 dxc4 38. Rxb3 cxb3 39. Rg3 Rd7
40. Rd3 Bf8 0-1